Top 50 NBA Players (End of 2023) - Statistics

General Stats
  • This quiz has been taken 151 times
    110 since last reset
  • The average score is 44 of 50
Answer Stats
IHint Answer % Correct
1- Bucks Giannis Antetokounmpo
99%
2- 76ers Joel Embiid
99%
7- Lakers LeBron James
99%
4- Warriors Stephen Curry
99%
10- Heat Jimmy Butler
98%
3- Nuggets Nikola Jokic
98%
25- Hawks Trae Young
98%
15- Lakers Anthony Davis
97%
12- Trail Blazers Damian Lillard
97%
11- Suns Devin Booker
97%
17- Celtics Jaylen Brown
97%
9- Clippers Kawhi Leonard
97%
5- Mavericks Luka Doncic
97%
18- 76ers James Harden
96%
8- Celtics Jayson Tatum
96%
6- Suns Kevin Durant
96%
16- Grizzlies Ja Morant
95%
13- Thunder Shai Gilgeous-Alexander
94%
19- Kings De’Aaron Fox
93%
26- Pelicans Zion Williamson
93%
20- Clippers Paul George
92%
24- Timberwolves Anthony Edwards
91%
14- Cavaliers Donavan Mitchell
91%
21- Kings Domantas Sabonis
90%
34- Raptors Pascal Siakam
90%
28- Mavericks Kyrie Irving
89%
35- Bulls Demar Derozan
88%
23- Knicks Jalen Brunson
88%
30- Heat Bam Adebayo
87%
43- Wizards Bradley Beal
86%
27- Pelicans Brandon Ingram
86%
37- Hawks Dejounte Murray
86%
36- Hornets LaMelo Ball
86%
22- Pacers Tyrese Haliburton
86%
41- Bulls Zach LaVine
86%
44- Bucks Khris Middleton
85%
29- Jazz Lauri Markkanen
84%
31- Grizzlies Jaren Jackson Jr.
83%
33- Bucks Jrue Holiday
83%
38- Suns Chris Paul
82%
32- Cavaliers Darius Garland
82%
42- Warriors Andrew Wiggins
79%
40- Magic Paolo Banchero
79%
39- 76ers Tyrese Maxey
79%
49- Knicks Julius Randle
78%
50- Cavaliers Jarrett Allen
77%
46- Nuggets Aaron Gordon
73%
47- Raptors Fred VanVleet
70%
45- Grizzlies Desmond Bane
69%
48- Wizards Kristaps Porzingis
66%
No matching quizzes found
Score Distribution
Percent of People with Each Score
Percentile by Number Answered
Your Score History
You have not taken this quiz since the last reset